LEADER 01401nam a2200325 u 4500 001 000000043058 003 CaOOAMICUS 005 20070226114408.0 008 990319s1998 fr u000 u fre u 020 $a2738463789 035 $a10817475 040 $aPUL(R)$bita 100 1 $aRouxel, Jean-Yves.$0(OLS)http://pul/name/31557 245 13$aLe Saint-Siège sur la scène internationale /$cJean-Yves Rouxel préface de Monsigneur Roland Minnerath. 260 $aParis :$bEditions L'Harmattan,$c1998. 300 $a313 p. ;$c24 cm 490 1 $aCollection Logiques juridiques 504 $aBibliografia p. 295. 610 14$aSanta Sede.$0(OLS)http://pul/subject/2737 700 1 $aMinnerath, Roland.$0(OLS)http://pul/name/18196 830 0$aCollection Logiques juridiques.$0(OLS)http://pul/title/58082 850 $aPUL 852 $aPUL$W1$xSL Diritto Canonico 1$y5$m149 D 71$j58060$nBK-PRI$b $qStampati$B58060$CPULBib$Z2$F58060 $81 852 $aPUL$W1$xDP1 Fondo G. Barberini$y122$m3 G 76$j166762$nBK-PRI$b 2 copia$qFondi$B179744$CPULBib$Z2$F179744 $HBar2213 $81 941 1 $a1 941 1 $a8 961 $aINV: 79597 996 $6020$a2738463789$9(OLS)http://pul/number/53705 996 $6245$aLe Saint-Siège sur la scène internationale$9(OLS)http://pul/title/58081 996 $6260$aParis :$bEditions L'Harmattan$9(OLS)http://pul/publisher/65128 LEADER 01322nam a2200313 a 4500 001 000000135477 003 CaOOAMICUS 005 20130926133731.0 008 130926s2013 it u000 u ita r 020 $a978-88-430-6917-0 040 $aPUL$bita 082 04$a142 100 1 $aBucci, Paolo,$d1957-$0(OLS)http://pul/name/87260 245 13$aLa crisi delle scienze europee di Husserl /$cPaolo Bucci. 260 $aRoma :$bCarocci,$c2013. 300 $a207 p. ;$c23 cm. 490 1 $aBiblioteca di testi e studi. Filosofia ;$v819 504 $aBibliografia in nota. 600 14$aHusserl, Edmund,$d1859-1938$xFenomenologia.$0(OLS)http://pul/subject/36866 600 14$aHusserl, Edmund,$d1859-1938$xFilosofia.$0(OLS)http://pul/subject/1789 830 0$aBiblioteca di testi e studi (Carocci).$pFilosofia ;$v819.$0(OLS)http://pul/title/102930 850 $aPUL 852 $aPUL$W1$xSL Filosofia 3$y81$m142 BUCPA 1$j156224$qDDC 21$B155589$CPULBib$Z2$F155589 $H122869 $82 941 1 $a9 996 $6020$a978-88-430-6917-0$9(OLS)http://pul/number/153565 996 $6082$a142$9(OLS)http://pul/classification/555 996 $6245$aLa crisi delle scienze europee di Husserl$9(OLS)http://pul/title/171302 996 $6260$aRoma :$bCarocci$9(OLS)http://pul/publisher/66917